[Event "VIE-ch U11 Girls"]
[Site "Ho Chi Minh City"]
[Date "2014.07.18"]
[Round "9"]
[White "Le, Thi Dieu Mi"]
[Black "Nghiem, Thao Tam"]
[Result "0-1"]
[WhiteElo "1730"]
[BlackElo "1714"]
[PlyCount "140"]
[EventDate "2014.07.13"]
[EventType "swiss"]
[EventRounds "9"]
[EventCountry "VIE"]
[SourceTitle "EXT 2016"]
[Source "ChessBase"]
[SourceDate "2015.10.08"]
[SourceVersion "1"]
[SourceVersionDate "2015.10.08"]
[SourceQuality "1"]

1. e4 d6 2. d4 Nd7 3. c4 e5 4. d5 Ngf6 5. Nc3 Be7 6. Nf3 0-0 7. Bd3 Ne8 8. 0-0 g6 9. g4 Ndf6 10. h3 h5 11. g5 Nh7 12. h4 Bh3 13. Re1 Qc8 14. Nh2 f6 15. Re3 fxg5 16. hxg5 Bxg5 17. Rg3 Bg4 18. Nxg4 hxg4 19. Bxg5 Nxg5 20. Qxg4 Qxg4 21. Rxg4 Nh3+ 22. Kh2 Nxf2 23. Rxg6+ Kh7 24. Rg3 Nxd3 25. Rxd3 Rf2+ 26. Kg3 Rxb2 27. Kg4 Rg2+ 28. Kf3 Rg7 29. Ke2 Nf6 30. Rh1+ Kg8 31. Rb1 Nh5 32. Rdd1 Nf4+ 33. Kd2 Rg2+ 34. Kc1 b6 35. Rb2 Rxb2 36. Kxb2 a6 37. Kb3 Kf7 38. Rf1 Ke7 39. Rh1 Rg8 40. Re1 Nd3 41. Re3 Nc5+ 42. Kb4 Kd7 43. a4 Rb8 44. Ka3 Ke7 45. Rh3 Rf8 46. Rh7+ Rf7 47. Rh5 Rf4 48. Rf5 Rxf5 49. exf5 Kf6 50. Kb2 Kxf5 51. Kc2 Kf4 52. Kd1 Ke3 53. Na2 Nxa4 54. Nb4 Nc5 55. Nc6 Kd3 56. Nd8 Kxc4 57. Ne6 Kxd5 58. Nxc7+ Kc4 59. Ne8 a5 60. Nxd6+ Kd5 61. Nb5 e4 62. Ke2 a4 63. Na3 Kd4 64. Nc2+ Kc3 65. Na3 Kb3 66. Nb5 a3 67. Nxa3 Kxa3 68. Ke3 b5 69. Kd4 b4 70. Kxc5 e3 0-1

[Event "VIE-ch U11 Girls"]
[Site "Ho Chi Minh City"]
[Date "2014.07.17"]
[Round "7"]
[White "Huynh, Ngoc Anh Thu"]
[Black "Le, Thi Dieu Mi"]
[Result "1-0"]
[WhiteElo "1711"]
[BlackElo "1730"]
[PlyCount "89"]
[EventDate "2014.07.13"]
[EventType "swiss"]
[EventRounds "9"]
[EventCountry "VIE"]
[SourceTitle "EXT 2016"]
[Source "ChessBase"]
[SourceDate "2015.10.08"]
[SourceVersion "1"]
[SourceVersionDate "2015.10.08"]
[SourceQuality "1"]

1. e4 e5 2. Nf3 Nc6 3. Bc4 Be7 4. d3 Nf6 5. 0-0 0-0 6. Nc3 d6 7. h3 Be6 8. Nd5 Na5 9. Nxe7+ Qxe7 10. Bxe6 Qxe6 11. Re1 Nd7 12. Re3 f5 13. exf5 Qxf5 14. Qe1 Nc6 15. c3 Rf6 16. Bd2 Raf8 17. Qe2 Qh5 18. Kh2 Ne7 19. Re4 Nf5 20. g4 Qf7 21. Ng5 Qg6 22. gxf5 Rxf5 23. Rf1 h6 24. Rg4 hxg5 25. Rg2 Rf3 26. d4 Qf5 27. Bxg5 Qxh3+ 28. Kg1 c6 29. Be7 R8f4 30. Rh2 Qf5 31. Kh1 Rh3 32. a3 Rxh2+ 33. Kxh2 Rg4 34. Qe3 exd4 35. cxd4 Re4 36. Qb3+ d5 37. Bd8 Nf6 38. Bc7 Ng4+ 39. Kg2 Rxd4 40. Qxb7 Ne5 41. Qb8+ Kh7 42. Bxe5 Rg4+ 43. Bg3 d4 44. Qe8 d3 45. Rh1+ 1-0

[Event "VIE-ch U11 Girls"]
[Site "Ho Chi Minh City"]
[Date "2014.07.17"]
[Round "8"]
[White "Le, Thi Dieu Mi"]
[Black "Nguyen, Le Minh Uyen"]
[Result "1-0"]
[WhiteElo "1730"]
[BlackElo "1701"]
[PlyCount "138"]
[EventDate "2014.07.13"]
[EventType "swiss"]
[EventRounds "9"]
[EventCountry "VIE"]
[SourceTitle "EXT 2016"]
[Source "ChessBase"]
[SourceDate "2015.10.08"]
[SourceVersion "1"]
[SourceVersionDate "2015.10.08"]
[SourceQuality "1"]

1. e4 c5 2. Nf3 d6 3. d4 cxd4 4. Nxd4 Nf6 5. Nc3 a6 6. Be2 e6 7. Be3 Be7 8. 0-0 0-0 9. f4 Qc7 10. a4 Bd7 11. Qe1 Nc6 12. Rd1 Rfd8 13. Kh1 Nxd4 14. Bxd4 e5 15. Be3 exf4 16. Bxf4 Bc6 17. Bf3 Qb6 18. b3 Rac8 19. Nd5 Bxd5 20. exd5 Bf8 21. Rc1 Re8 22. Qg3 Rc5 23. Qf2 Qc7 24. Rfd1 Rc8 25. c4 Qe7 26. Re1 Qd7 27. Be3 R5c7 28. Bb6 Qf5 29. Bxc7 Rxc7 30. Qc2 Qg5 31. Rf1 h6 32. Be2 Re7 33. Bd3 Qh4 34. Qf2 Qh5 35. Qg3 Ng4 36. Rf5 g5 37. h3 Ne5 38. Bb1 Qe2 39. Rf2 Qh5 40. Rcf1 Bg7 41. Ba2 Qg6 42. b4 Nd3 43. Rf3 Be5 44. Qg4 Rc7 45. Bb1 h5 46. Qf5 Qxf5 47. Rxf5 Nxb4 48. Rxg5+ Bg7 49. Rxh5 Rxc4 50. Bh7+ Kf8 51. Rhf5 f6 52. Bg6 Nc2 53. R5f2 Nb4 54. Re2 Rc8 55. Rfe1 Bh6 56. Re6 Kg7 57. Bh5 Bf4 58. R6e4 Nxd5 59. Bg4 Rd8 60. Be6 f5 61. Rc4 Ne3 62. Rxf4 Nc2 63. Rc1 Ne3 64. Rf3 f4 65. Rxf4 Re8 66. Re4 Nxg2 67. Kxg2 Kf6 68. Rf1+ Ke7 69. Bf7+ Kd8 1-0